000
00298nam a2200121Ia 4500
008
240624s9999 xx 000 0 und d
041
_a
eng
082
_a
658.15 ANA
100
_a
SRINIVASAN ANAND G
245
_a
SCHEDULE VI PRACTICE MANUAL
260
_c
2012
_a
New Delhi
_b
Taxmann
365
_c
RS
_b
29
999
_c
20048
_d
20048